000 00764nam a22002417a 4500
005 20170124110043.0
010 _aA-482112
020 _c00.00
_a8185392226
035 _aA-482112
037 _bCen Lib/Ret
040 _aDPL
_bEN
082 _a881.08
_bCRI
245 _aCritics on dryden /
_cedited by Robert Mchenry [and] David G. Lougee
260 _aNew Delhi
_bUniversal book stall
_c1990
270 _bNew Delhi
_a5, Ansari road Daryaganj
_e110002
300 _a114p.
_c21cm(Hb)
500 _aIncludes bibiographical references
650 _aLiterature
_96262
650 _aCritical analysis
_xliterature
_924107
700 _924020
_aMachaenry, Robert
700 _aLougee, David G.
_924103
942 _2ddc
_cEN
_h881.08
_mCRI
999 _c128678
_d128678